| 000 | 00672nam a2200217Ia 4500 | ||
|---|---|---|---|
| 005 | 20241129110932.0 | ||
| 008 | 241129s9999||||xx |||||||||||||| ||und|| | ||
| 020 | _a978-93-80934-55-6 | ||
| 037 | _aTB | ||
| 040 |
_aCRL _beng _cCRL |
||
| 041 |
_aurd _2urd |
||
| 084 |
_aY:1.5 168Q2:Q9 _qCRL |
||
| 100 |
_aKambalposh Yousuf Khan Au.; Ahmed Mazhar Ed. _9722861 |
||
| 245 | 0 |
_aTareekh-e-Yousufi (Ajaibaat-e- Firang) _cKambalposh Yousuf Khan Au.; Ahmed Mazhar Ed. |
|
| 260 |
_aNew Delhi, India _bM R Publications _c2019 |
||
| 300 | _a339p. | ||
| 365 |
_aINR _b675 |
||
| 650 | _aSociologyCulture | ||
| 942 |
_cTB _hY:1.5 168Q2:Q9 |
||
| 999 |
_c1228170 _d1228170 |
||